logo

Bir Sreshtho Munshi Abdur Rouf Library
Jhenaidah Cadet College

অফিস - আদালতে বাংলা লেখার নিয়ম / (Record no. 14494)

MARC details
000 -LEADER
fixed length control field 00970nam a22002537a 4500
001 - CONTROL NUMBER
JCCL Control Number 14494
003 - CONTROL NUMBER IDENTIFIER
JCCL marc code BD-JhCC
005 - DATE AND TIME OF LATEST TRANSACTION
control field 20251220093825.0
008 - FIXED-LENGTH DATA ELEMENTS--GENERAL INFORMATION
fixed length control field 251214b |||||||| |||| 00| 0 eng d
020 ## - INTERNATIONAL STANDARD BOOK NUMBER
International Standard Book Number 9789849132486
035 ## - SYSTEM CONTROL NUMBER
system control number (BD-JhCC)14494
040 ## - CATALOGING SOURCE
Original cataloging agency BD-JhCC
Modifying agency BD-JhCC
041 ## - LANGUAGE CODE
Language code of Book বাংলা
082 ## - DEWEY DECIMAL CLASSIFICATION NUMBER
DDC Edition number 23
Classification number 491.44
Author mark and Year AMI ২০২৩
100 ## - MAIN ENTRY--PERSONAL NAME
Personal name আমীন, মোহাম্মদ
245 ## - TITLE STATEMENT
Title অফিস - আদালতে বাংলা লেখার নিয়ম /
Statement of responsibility, etc ড. মোহাম্মদ আমীন
246 ## - VARYING FORM OF TITLE
Title proper/short title Office -Adalate Bangla Lekhar Niom
260 ## - PUBLICATION, DISTRIBUTION, ETC. (IMPRINT)
Place of publication, distribution, etc ঢাকাঃ
Date of publication, distribution, etc ২০২৩
Name of publisher, distributor, etc মাওলা ব্রাদার্স,
300 ## - PHYSICAL DESCRIPTION
Pagination ২০৮ পৃ.;
Dimensions ২২সেমি.
Accompanying material পেপার বাইন্ডিং
650 ## - SUBJECT ADDED ENTRY--TOPICAL TERM
Topical term or geographic name as entry element অফিস আদালতে বাংলা লেখার নিয়ম
650 ## - SUBJECT ADDED ENTRY--TOPICAL TERM
Topical term or geographic name as entry element বাংলা ভাষা
942 ## - ADDED ENTRY ELEMENTS (KOHA)
Source of classification or shelving scheme Dewey Decimal Classification
Koha item type Books
Holdings
Source of classification or shelving scheme Damaged status Not for loan Collection code Home library Current library Shelving location Date of accession Cost, normal purchase price Full call number Barcode Date last seen Copy number Method of acquisition Koha item type Currency
Dewey Decimal Classification     Non-fiction JCC Rouf Library JCC Rouf Library General Stacks 12/17/2025 460.00 491.44 AMI 2023 20349 12/14/2025 C-1 Purchase Books BDT
Dewey Decimal Classification     Non-fiction JCC Rouf Library JCC Rouf Library General Stacks 12/17/2025 460.00 491.44 AMI 2023 20350 12/14/2025 C-2 Purchase Books BDT

JCC Library | Contacts | JCC Home

Last Update on 23 September 2017
Copyright @ 2017-2020 JCC Rouf Library
Rouf Library, Jhenidah Cadet College (JCC), Bangladesh